000 00981nam0a2200265 4500
001 RU\NLR\BIBL_A\011278876
005 20250626035521.0
010 _a978-5-9907584-8-3
_9500
021 _aRU
_b2016-74082
_94800
035 _a(NLR Aleph) 011278876
090 _a10863088
_c10863088
100 _a20161128d2015 |||y0rusy50 ca
101 0 _acrh
102 _aRU
105 _aa z 000 y
200 1 _aБекле мени, денъиз!
_eбедиий ве публицист. икяелер
_fАблаев Бекир
210 _aСимферополь
_cИ. Гаспринский адына медиамеркез
_d2015
215 _a127 с.
_cпортр., ил.
_d20
541 1 _aЖди меня, море!
_eхудож. и публицист. рассказы.
_zrus
686 1 _aШ6(2=К.-тат)7-4
700 1 _aАблаева
_bБ.
_gБекир
_4070
852 _aNLR
_bОНЛ
_jК.-тат./2-1175
942 _cBOOK
980 _aNB